000 00805nam a22002537a 4500
003 URS
005 20250924110018.0
008 250924b |||||||| |||| 00| 0 eng d
020 _a978-621-409-245-1
040 _aDLC
_bDLC
_cDLC
_dURS
082 _22nd edition
_a361.3
_bP9444 2024
100 _aBriones, Mario R.
245 _aPromoting Community Change Through Civic Welfare Training Service 2/
_cMario R. Briones
260 _aMandaluyong City:
_bBooks Atbp. Pub Corp.,
_c2024
300 _ax, 164 pages:
_bill;
_c24cm
500 _aIncludes bibliography and index
648 _aCivic Welfare
700 _aAustria, Jethro N.
700 _aWagan III, Ricardo F.
700 _aPinuela, Freddie, S.
700 _aAudije, Avelino B.
700 _aSolmerano, Ernesto Thaddeus M.
942 _2ddc
_cF
999 _c86910
_d86908